Využijte služeb finančního poradce nebo se jím staňte

Osobné finančné poradenstvo ako reakcia na zvyšujúci sa počet produktov a ponúk pre fyzické osoby na finančnom trhu. Činnosť finančného poradcu tvoria sprostredkovateľské služby v oblasti poistenia, bankových a investičných produktov. Povinnosti finančného poradcu. Získanie kontaktu na finančného po...

Description complète

Enregistré dans:
Détails bibliographiques
Auteur principal: Gazda, Adam
Format: Chapitre de livre
Langue:tchèque
Sujets:
Tags: Ajouter un tag
Pas de tags, Soyez le premier à ajouter un tag!

MARC

LEADER 00000naa$a2200000$$$4500
001 0070655
005 20230804110746.8
041 0 |a cze 
044 |a CZ 
245 1 0 |a Využijte služeb finančního poradce nebo se jím staňte  |c Adam Gazda 
520 |a Osobné finančné poradenstvo ako reakcia na zvyšujúci sa počet produktov a ponúk pre fyzické osoby na finančnom trhu. Činnosť finančného poradcu tvoria sprostredkovateľské služby v oblasti poistenia, bankových a investičných produktov. Povinnosti finančného poradcu. Získanie kontaktu na finančného poradcu. Schéma fungovania osobného finančného poradenstva. 
610 2 0 |a poradenstvo finančné 
610 2 0 |a poradcovia finanční 
610 2 0 |a služby poradenské 
610 2 0 |a financie osobné 
100 1 |a Gazda, Adam